| 000 | 00515cam a22002051 4500 | ||
|---|---|---|---|
| 001 | sa 68001539 | ||
| 003 | DLC | ||
| 005 | 20260227112434.0 | ||
| 008 | 881028s1967 xx 000 0 benr | ||
| 010 | _asa 68001539 | ||
| 035 | _a(OCoLC)23556880 | ||
| 040 |
_aDLC _cMiU _dDLC |
||
| 042 | _apremarc | ||
| 050 | 0 | 0 |
_aPK1718.M47 _bA6 1967 |
| 100 | 1 |
_aMitra, Bimal, _d1912-1991. |
|
| 245 | 0 | 0 | _aBimala Mitrera galpa sambhāra. |
| 260 |
_a[n.p.] _c[1967] |
||
| 300 |
_a34, 20-813 p. _c23 cm. |
||
| 500 | _aRomanized. | ||
| 999 |
_c78026 _d78026 |
||